00870nam a22002057a 4500003000500000005001700005008004100022010001100063011001100074035001100085040000900096100002900105245023500134260004000369500006000409502006900469650004000538650002200578856006400600CHAP20220329143840.0120116s2011 mx r 00010 spa d a102742 a103714 a114403 cCHAP1 aCruz Calderón, Renata.10aEvaluación de la dosis de fertilización con nitrógeno, fósforo y potacio en una plantación de árboles de navidad de (Pinus ayacahuite var veitchii Shaw) en Teziutlán, Pueblah[En línea]c/por Renata Cruz Calderón aChapingo, Méx. :bEl autor,c2011 aPara ver el contenido del material haga clic en la liga aTesis (Ing. Forestal) -- UACH. División de Ciencias Forestales14aFertilizantesxEfecto en árboles.14aPinus ayacahuite. 3Finding aiduhttp://10.13.5.2/tesis/114403.pdfzTeclea aqui